| 000 | 01100nam a22002657a 4500 | ||
|---|---|---|---|
| 005 | 20170124103000.0 | ||
| 010 | _aA-352877 | ||
| 020 |
_c42.00 _a8121401569 |
||
| 035 | _aA-352877 | ||
| 037 | _bCen Lib/Ret | ||
| 040 |
_aDPL _bHN |
||
| 082 |
_a824.08 _bरामधा |
||
| 100 |
_aरामधारी सिंह दिनकर _954464 |
||
| 245 |
_aहमारी संस्कृतिक एकता / _cरामधारी सिंह दिनकर |
||
| 246 |
_aHamari sanskritik ekta _bby Ramdhari Singh Dinkar |
||
| 260 |
_aनई दिल्ली _bनेशनल पब्लिशिंग हाउस _c1987 |
||
| 270 |
_a23, दरिया गंज _b नई दिल्ली _e110002 |
||
| 300 |
_a110पृष्ठ. _c20सेमी(सजिल्द) |
||
| 650 |
_aहिंदी साहित्य _954465 |
||
| 650 |
_aभारतीय संस्कृति _954466 |
||
| 650 |
_aHindi Literature _954467 |
||
| 650 |
_aIndian culture _93853 |
||
| 700 | _953319 | ||
| 942 |
_2ddc _cHN _h824.08 _mरामधा |
||
| 999 |
_c113925 _d113925 |
||